La influencia económica, política y social del cartel de Pablo Escobar en Colombia diplomová práca
Saved in:
| Main Author: | |
|---|---|
| Corporate Author: | |
| Other Authors: | |
| Format: | Book |
| Language: | Spanish |
| Published: |
Bratislava
2018
|
| Tags: |
No Tags, Be the first to tag this record!
|
MARC
| LEADER | 00000nbm a2200000 4500 | ||
|---|---|---|---|
| 001 | 0244030 | ||
| 005 | 20181011144926.2 | ||
| 041 | 0 | |a spa | |
| 044 | |a SK | ||
| 245 | 1 | 0 | |a La influencia económica, política y social del cartel de Pablo Escobar en Colombia |b diplomová práca |c Tatiana Babinská ; školiteľ: Diana Patricia Varela Cano |
| 264 | 1 | |a Bratislava |c 2018 | |
| 300 | |a 64 s. | ||
| 100 | 1 | |a Babinská, Tatiana | |
| 700 | 1 | |a Varela Cano, Diana Patricia, 1964- | |
| 710 | 2 | |a Fakulta aplikovaných jazykov EU v Bratislave. Katedra románskych a slovanských jazykov | |